000 00611nam a22001337a 4500
040 _cRUA
082 _aRUB SOU 2015 B514 Or.1
100 _aSOUR SOKTRAI; ស៊ួ សុខត្រៃ
245 _aEffect of N.K.P chemical fertilizer on clone pb260 at mong rithy group co.,ltd; ប្រសិទ្ធភាពនៃគីមី N.P.Kលើក្លូនកៅស៊ូ pb260 នៅក្រុមហ៊ុន ម៉ុង ឫទ្ធី គ្រុប ខូ អិល​ ធី ឌី
260 _aPhnom Penh
_bRUA
_c2015
300 _axiii;59p;
_bill;
_c29cm;
856 _uSOUR SOKTRAI
942 _cRUB
999 _c10506
_d10506